000 00469nam a2200169Ia 4500
005 20241113102246.0
008 240126s9999 xx 000 0 und d
020 _a9789332536586
082 _a658.401 EVA;1
100 _aEvans, James R.
245 0 _aBusiness analytics : methods, models, and decisions
260 _bPearson Education
_aNoida
_c2013
300 _a649
440 _aNULL
650 _aBusiness,analytics,methods,,models,,decisions
942 _cPU
999 _c278659
_d278659